000 00963nam a2200253 i 4500
001 185276
003 ES-MaACL
005 20231230063012.0
008 160505s2015 ck |||| | spa d
080 _a821.134.2-2"19"
100 1 _aPalacios, Eduardo,
_d1944-
_9159491
245 1 0 _aTeatro /
_cEduardo Palacios.
250 _a1ª ed.
260 _aBogotá, D.C. Colombia :
_b[E. Palacios],
_c2015 (
_fGráf. Leon)
300 _a282 p. ;
_c20 cm.
505 8 _aContiene: ;
_tLa danza de las palabras ;
_tPolicromía de los improperios ;
_tLa cuesta existencialista
740 3 2 _aLa danza de las palabras.
740 0 2 _aPolicromía de los improperios.
740 3 2 _aLa cuesta existencialista.
852 _aES-MaACL
_jA-13728
_9192298
_bR.150911
_cDEPO1
_dOlim: N-6728
_gDedicatoria autógrafa del autor
_hDonación: Eduardo Palacios
903 _aPalacios, Eduardo,
_d1944-
_ednr
_9159491
942 _2udc
_cMONOGRAFIA
999 _c185276
_d185276